|
|
|
|
| LEADER |
03190njm a2200433 a 4500 |
| 001 |
000923630 |
| 003 |
CZ BrMZK |
| 005 |
20090309104601.0 |
| 007 |
sd fsngnnmmned |
| 008 |
081204s2008 xr ||n gs cze d |
| 040 |
|
|
|a BOA001
|b cze
|
| 072 |
|
7 |
|a 821.162.3-1
|x Česká poezie
|2 Konspekt
|9 25
|
| 080 |
|
|
|a 821.162.3-1
|2 MRF
|
| 080 |
|
|
|a 821.162.3-1-051
|2 MRF
|
| 080 |
|
|
|a (0:82-1)
|2 MRF
|
| 080 |
|
|
|a (082.21)
|2 MRF
|
| 080 |
|
|
|a (086.76)
|2 MRF
|
| 100 |
1 |
|
|a Mácha, Karel Hynek,
|d 1810-1836
|7 jk01072915
|4 aut
|
| 245 |
0 |
0 |
|a Sváteční chvilky poezie
|h [zvukový záznam] :
|b klasici a mistři /
|c Karel Hynek Mácha, Jan Neruda, Petr Bezruč ... [et al.]
|
| 260 |
|
|
|a Praha :
|b FONIA,
|c [2008?]
|
| 300 |
|
|
|a 5 zvukových desek :
|b digital, stereo ;
|c 12 cm
|
| 490 |
1 |
|
|a Audio kniha
|
| 505 |
0 |
0 |
|t Máj - úryvek /
|r Karel Hynek Mácha --
|t Z Písní kosmických /
|r Jan Neruda --
|t Z lyriky /
|r Petr Bezruč --
|t Kytice ; Holoubek /
|r Karel Jaromír Erben --
|t Svatý kopeček /
|r Jiří Wolker --
|t České znělky /
|r Josef Václav Sládek --
|t Tyrolské elegie /
|r Karel Havlíček Borovský --
|t Z Večerních písní /
|r Vítězslav Hálek --
|t U srdce tvého ; Slunečný les /
|r František Hrubín --
|t Maminčino zrcátko ; Májová krajina ; Ty, válko /
|r Jaroslav Seifert --
|t Vlak s vězni ; Bubínek ; Po vojně /
|r Josef Kainar --
|t Vyznání /
|r František Ladislav Čelakovský --
|t Voják v poli; Splav /
|r Fráňa Šrámek --
|t Ruce /
|r Otokar Březina --
|t Se mnou tvé oči; Kyjov; Cigánské děvče; Motýl /
|r Petr Bezruč --
|t Z veršů /
|r Vladislav Holan --
|t Z veršů /
|r František Halas --
|t Rozhlásky /
|r Josef Kainar --
|t Akrobat /
|r Vítězslav Nezval --
|t Z veršů /
|r Egon Bondy --
|t Z veršů /
|r Jáchym Topol --
|t Toman a lesní panna /
|r František Ladislav Čelakovský --
|t Balada o zimě /
|r Jaroslav Vrchlický --
|t Vánoční verše /
|r Fráňa Šrámek --
|t Štědrý den /
|r Karel Jaromír Erben --
|t Zimní motivy --
|t Motýlí čas --
|t Spící --
|t Vánoční --
|t Letní vzpomínky --
|t Praha s prsty deště --
|t Rosa --
|t Město už rozkvétá --
|t Rondely a Virelayet --
|t Píseň o vítězství u Domažlic Vavřinec z Březové --
|t Balada o námořníkovi /
|r Jiří Wolker
|t Zpěv míru /
|r Vítězslav Nezval --
|t Zpěv rodné zemi --
|t Nic víc --
|t Ve stínu viklanu II /
|r Jarmila Urbánková
|
| 511 |
1 |
|
|a Čtou Vladimír Brabec, Vladimír Šmeral, Petr Haničinec, Jaroslava Adamová ... [et al.]
|
| 650 |
0 |
7 |
|a čeští básníci
|7 ph128168
|y 19.-21. stol.
|2 czenas
|
| 650 |
0 |
7 |
|a česká poezie
|7 ph150471
|y 19.-21. stol.
|2 czenas
|
| 655 |
|
7 |
|a česká poezie
|7 fd133958
|2 czenas
|
| 655 |
|
7 |
|a výbory
|7 fd133853
|2 czenas
|
| 655 |
|
7 |
|a kompaktní desky
|7 fd201991
|2 czenas
|
| 700 |
1 |
|
|a Neruda, Jan,
|d 1834-1891
|7 jk01083209
|4 aut
|
| 700 |
1 |
|
|a Bezruč, Petr,
|d 1867-1958
|7 jk01011993
|4 aut
|
| 700 |
1 |
|
|a Brabec, Vladimír,
|d 1934-2017
|7 jn19981000322
|4 stl
|
| 700 |
1 |
|
|a Šmeral, Vladimír,
|d 1903-1982
|7 jk01130544
|4 stl
|
| 700 |
1 |
|
|a Haničinec, Petr,
|d 1930-2007
|7 jn19981001403
|4 stl
|
| 830 |
|
0 |
|a Audio kniha
|
| 910 |
2 |
|
|a BOA001
|b CDA-1215.919
|
| 990 |
|
|
|a AV
|
| 991 |
|
|
|b 200903
|
| 996 |
6 |
|
|b 2610362387
|c CDA-1215.919
|l MZK
|r Sklad / do 24 hodin
|n 0
|p p.v.
|w 000923630
|u 000010
|a 1
|e BOA001
|j MZK50
|s P
|